| 000 | 00525nam a2200145Ia 4500 | ||
|---|---|---|---|
| 008 | 170221s9999 xx 000 0 und d | ||
| 100 | _aHalil Sadrettin | ||
| 245 | _aMedia Systems, Politics and Press Freedom: Perspectives on Contemporary Russia and Nigeria | ||
| 245 | _cHalil Sadrettin, Pelin Bayram, Lawrence Emeagwali | ||
| 260 | _bInternational Review of Management and Marketing | ||
| 260 | _c2016 | ||
| 300 | _a15 : 6 | ||
| 650 | _xMarketing. | ||
| 856 | _uhttp://www.econjournals.com/index.php/irmm/issue/view/82 | ||
| 999 |
_c312169 _d312169 |
||